驻地最靠近30°N的41个地级行政区 41 prefecture regions closest to 30°N - Statistics

General Stats
  • This quiz has been taken 98 times
  • The average score is 29 of 41
Answer Stats
地州 东经 纬度差 % Correct
杭州市 120.21 0.25
92%
武汉市 114.30 0.60
88%
成都市 104.06 0.58
87%
舟山市 122.20 -0.01
86%
黄山市 118.33 -0.28
86%
宁波市 121.62 -0.14
84%
嘉兴市 120.75 0.75
84%
绍兴市 120.58 0.05
82%
荆州市 112.24 0.34
82%
湖州市 120.08 0.90
80%
拉萨市 91.17 -0.34
80%
鄂州市 114.89 0.39
79%
宜昌市 111.28 0.70
79%
黄石市 115.03 0.20
78%
恩施土家族苗族自治州 109.49 0.27
78%
黄冈市 114.87 0.46
76%
宣城市 118.75 0.94
72%
池州市 117.49 0.67
72%
九江市 115.95 -0.34
72%
甘孜藏族自治州 101.96 0.05
71%
咸宁市 114.32 -0.16
70%
资阳市 104.63 0.13
68%
日喀则市 88.88 -0.73
68%
山南市 91.77 -0.76
67%
岳阳市 113.12 -0.64
66%
眉山市 103.85 0.08
63%
景德镇市 117.17 -0.73
62%
安庆市 117.11 0.53
62%
内江市 105.05 -0.42
62%
铜陵市 117.81 0.95
61%
乐山市 103.76 -0.44
58%
雅安市 103.04 0.01
58%
自贡市 104.78 -0.66
57%
林芝市 94.36 -0.35
57%
常德市 111.69 -0.97
55%
广安市 106.63 0.46
55%
孝感市 113.95 0.92
54%
遂宁市 105.59 0.54
54%
张家界市 110.47 -0.88
51%
南充市 106.11 0.84
49%
金华市 119.64 -0.92
46%
No matching quizzes found
Score Distribution
Percent of People with Each Score
Percentile by Number Answered
Your Score History
You have not taken this quiz